|
|
|
|
| LEADER |
01057nam a2200253 4500 |
| 001 |
000025298 |
| 003 |
21791 |
| 005 |
20170920080906.0 |
| 008 |
170920s2016 viesd |
| 041 |
0 |
|
|a vie
|
| 100 |
1 |
|
|a Nguyễn Đức Lộc
|c PGS.TS.
|e chủ biên
|
| 245 |
1 |
0 |
|a Đời sống xã hội Việt Nam đương đại
|c Nguyễn Đức Lộc chủ biên, nhiều tác giả
|
| 260 |
|
|
|a H.
|b Tri thức
|c 2016
|
| 300 |
|
|
|a 2 tập
|c 21 cm.
|
| 774 |
|
|
|b Tái bản lần thức nhất
|d H.
|d Trí thức
|d 2016
|g Tập 1
|h 328 tr.
|t Tình cảnh sống của người công nhân : thân phận, rủi ro và chiến lược sống
|w 21792
|z 9786049431593
|
| 774 |
|
|
|d H.
|d Trí thức
|d 2016
|g Tập 2
|h 603 tr.
|t Những người thiểu số ở đô thị : lựa chọn, trở thành, khác biệt
|w 21793
|z 9786049433382
|
| OWN |
|
|
|a LSP
|
| 999 |
|
|
|a From the UDN01
|
| TYP |
|
|
|a Monograph
|
| TYP |
|
|
|a Printed language
|
| 980 |
|
|
|a Mạng thư viện Đại học Đà Nẵng
|